AH International Schools' Libraries

The monkey's house (KHMER) / (Record no. 49177)

MARC details
000 -LEADER
fixed length control field 00298nam a2200109 4500
020 ## - INTERNATIONAL STANDARD BOOK NUMBER
International Standard Book Number 9789924350279
100 ## - MAIN ENTRY--PERSONAL NAME
Personal name Kong, Sokkeng
9 (RLIN) 86237
245 ## - TITLE STATEMENT
Title The monkey's house (KHMER) /
Statement of responsibility, etc Sokkeng Kong
260 ## - PUBLICATION, DISTRIBUTION, ETC. (IMPRINT)
Place of publication, distribution, etc Cambodia
Name of publisher, distributor, etc S.J. Metta Karuna
Date of publication, distribution, etc 2020
300 ## - PHYSICAL DESCRIPTION
Extent 26 p.
Other physical details col. ill.
Dimensions 20 cm.
942 ## - ADDED ENTRY ELEMENTS (KOHA)
Source of classification or shelving scheme
Koha item type Book
Holdings
Withdrawn status Lost status Source of classification or shelving scheme Damaged status Not for loan Collection code Home library Current library Shelving location Date acquired Total Checkouts Full call number Barcode Checked out Date last seen Date checked out Price effective from Koha item type
          Siem Riep Asian Hope Early Years Library Asian Hope Early Years Library Easy Reading 08/07/2025 10 KHMER E KON 208514 04/28/2026 04/28/2026 04/28/2026 08/07/2025 Book
          Siem Riep Asian Hope Early Years Library Asian Hope Early Years Library Easy Reading 08/07/2025 12 KHMER E KON 208031   04/29/2026 04/22/2026 08/07/2025 Book

For any Logos Library related questions please contact Miss Art at swongnarasuk@asianhope.org.

For any Asian Hope Library related questions please contact Miss Raza at graza@asianhope.org.

Powered by Koha